000 00736cab a2200241 4500
001 ABS50982
008 090401t1994 xxu||||| |||| 00| 0 eng d
035 _a(Sirsi) u3796
041 _aeng
245 _aCapital gains tax - indexation losses : transitional relief
260 _c1994
350 _a0
490 _aFarm Tax Brief
_v9(5) May 1994, 36-37(2)
520 _aExplains the amendment to the Finance Bill whcih will provide transitional relief for indexation on capital losses under capital gains tax.
650 _aCAPITAL GAINS TAX
650 _aCAPITAL LOSSES
650 _aFINANCE BILL
650 _aINDEXATION LOSS
650 _aTRANSITIONAL RELIEF
690 _aTAXATION
942 _n0
948 _c04/03/1997
999 _c2306
_d2306